Sentinel #5 : the fifth Covenant novel / by ... Read More
Available copies
- 1 of 1 copy available at LARL/NWRL Consortium. (Show)
- 1 of 1 copy available at Lake Agassiz Regional Library.
Current holds
0 current holds with 1 total copy.
Show Only Available Copies
| Location | Call Number / Copy Notes | Barcode | Shelving Location | Status | Due Date |
|---|---|---|---|---|---|
| Moorhead Public Library | Y ARM (Text) | 33500011619020 | Main | Available | - |
Record details
- ISBN: 9781937053574
- ISBN: 1937053571
- Physical Description: 297 p. ; 23 cm.
- Edition: 1st ed.
- Publisher: Contoocook, NH : Spencer Hill Press, 2013.
Content descriptions
| Summary, etc.: | "It's a beautiful day for a war. As the mortal ... Read More |
Search for related items by subject
| Subject: | Gods > Fiction. Imaginary wars and battles > Fiction. |
| Genre: | Fantasy fiction. |
Search for related items by series
| LDR | 01803cam a2200325Ia 4500 | ||
|---|---|---|---|
| 001 | 159242 | ||
| 003 | LARL_NWRL_CONSORTIUM | ||
| 005 | 20131119085037.0 | ||
| 008 | 130501s2013 nhu 000 f eng d | ||
| 020 | . | ‡a9781937053574 | |
| 020 | . | ‡a1937053571 | |
| 035 | . | ‡a(OCoLC)841515563 | |
| 082 | 0 | 4. | ‡a813.54 ‡223 |
| 100 | 1 | . | ‡aArmentrout, Jennifer L. ‡0(LARL_NWRL_CONSORTIUM)222627 |
| 245 | 1 | 0. | ‡aSentinel ‡n#5 : ‡bthe fifth Covenant novel / ‡cby Jennifer L. Armentrout. |
| 250 | . | ‡a1st ed. | |
| 260 | . | ‡aContoocook, NH : ‡bSpencer Hill Press, ‡c2013. | |
| 300 | . | ‡a297 p. ; ‡c23 cm. | |
| 490 | 0 | . | ‡aCovenant ; ‡v5 |
| 520 | . | ‡a"It's a beautiful day for a war. As the mortal world slowly slips into chaos of the godly kind, Alexandria Andros must overcome a stunning defeat that has left her shaken and in doubt of their ability to end this war once and for all. And with all the obstacles between Alex and her happily-ever-after with the swoonworthy Aiden St. Delphi, they must now trust a deadly foe as they travel deep into the Underworld to release one of the most dangerous gods of all time. In the stunning, action-packed climax to the bestselling Covenant Series, Alex must face a terrible choice: the destruction of everything and everyone she holds dear... or the end of herself."-- Page [4] of cover. | |
| 650 | 0. | ‡aGods ‡vFiction. ‡0(LARL_NWRL_CONSORTIUM)172323 | |
| 650 | 0. | ‡aImaginary wars and battles ‡vFiction. ‡0(LARL_NWRL_CONSORTIUM)165215 | |
| 655 | 7. | ‡aFantasy fiction. ‡2gsafd | |
| 901 | . | ‡a159242 ‡bOCLC ‡c159242 ‡tbiblio | |

Add to basket
Permalink
Enable Highlighting